[Event "Tournoi francophone 015"]
[Site "Skype"]
[Date "????.??.??"]
[Round "4.39"]
[White "Rodriguez, Nathalie"]
[Black "Ibanez, Bittor"]
[Result "1/2-1/2"]
[WhiteElo "1167"]
[BlackElo "1330"]
[PlyCount "109"]

1. d4 c6 2. Bf4 d5 3. e3 Bf5 4. c4 e6 5. Nc3 Nf6 6. cxd5 exd5 7. Nf3 Bb4 8. Bd3
Ne4 9. a3 Nxc3 10. bxc3 Bxc3+ 11. Nd2 Bxa1 12. Bxf5 Bb2 13. Qb3 Qb6 14. Qxb6
axb6 15. O-O Rxa3 16. Bxb8 O-O 17. Bd6 Ra1 18. Rxa1 Bxa1 19. Bxf8 Kxf8 20. Bxh7
g6 21. Nf3 Kg7 22. Ng5 b5 23. Kf1 b4 24. Ke1 b3 25. Kd1 Bb2 26. f4 f6 27. Bg8
fxg5 28. Be6 gxf4 29. exf4 Kf6 30. Bc8 b5 31. g4 Bxd4 32. f5 gxf5 33. Bxf5 Kg5
34. Kc1 Be5 35. Kb1 Bxh2 36. Kb2 c5 37. Kxb3 Bg3 38. Be6 d4 39. Bf5 Be1 40. Kc2
c4 41. Kd1 Bf2 42. Kc2 b4 43. Be6 b3+ 44. Kb2 c3+ 45. Kxb3 Kf6 46. Bf5 Be3 47.
Kc4 Ke5 48. Bd3 Kf4 49. Bf5 c2 50. Bxc2 Kxg4 51. Bd3 Kf3 52. Bc2 Bf2 53. Bd3
Ke3 54. Bc2 Kd2 55. Bg6 1/2-1/2

[Event "Tournoi francophone 015"]
[Site "Skype"]
[Date "????.??.??"]
[Round "4.40"]
[White "Cassano, Mariangela"]
[Black "Vincent, Andre"]
[Result "0-1"]
[WhiteElo "1000"]
[BlackElo "1377"]
[PlyCount "44"]

1. e4 d5 2. d4 dxe4 3. g3 Bf5 4. Ne2 Nf6 5. c4 e6 6. Bg2 Bb4+ 7. Nd2 c6 8. O-O
O-O 9. b3 Nbd7 10. Bb2 Qa5 11. Qc1 Bxd2 12. Qc2 e3 13. fxe3 Bxc2 14. Nf4 Bxe3+
15. Kh1 Be4 16. Rfe1 Bxg2+ 17. Kxg2 Bxf4 18. gxf4 Qd2+ 19. Re2 Qxe2+ 20. Kg1
Ng4 21. Bc1 Qf2+ 22. Kh1 Qxh2# 0-1

[Event "Tournoi francophone 015"]
[Site "Skype"]
[Date "????.??.??"]
[Round "4.41"]
[White "Hampton, Irene"]
[Black "Esformes, Jacques"]
[Result "1-0"]
[WhiteElo "1000"]
[BlackElo "1052"]
[PlyCount "39"]

1. d4 d5 2. Bf4 Bf5 3. e3 c6 4. Nf3 Nd7 5. Nbd2 Qb6 6. b3 c5 7. Bd3 Bxd3 8.
cxd3 f6 9. O-O g5 10. Bg3 Bg7 11. Rc1 Rc8 12. Re1 h5 13. h4 Nh6 14. Nh2 g4 15.
Qe2 Nf5 16. e4 Nxd4 17. Qe3 Bh6 18. f4 Rc6 19. exd5 Rd6 20. Qxe7# 1-0

[Event "Tournoi francophone 015"]
[Site "Skype"]
[Date "????.??.??"]
[Round "4.42"]
[White "Ramirez, Luis Antonio"]
[Black "Gagnon, Sindy"]
[Result "1-0"]
[WhiteElo "1017"]
[BlackElo "1000"]
[PlyCount "85"]

1. e4 e5 2. Nf3 Nc6 3. c3 d6 4. Bb5 a6 5. Bxc6+ bxc6 6. O-O Be7 7. d3 d5 8. Re1
dxe4 9. dxe4 Nf6 10. Qxd8+ Bxd8 11. Nxe5 O-O 12. Bf4 Bb7 13. f3 Be7 14. Kh1 Bc5
15. Rd1 h6 16. Nd3 Bb6 17. Na3 g5 18. Be5 Nd7 19. Bg3 c5 20. Ne5 Nf6 21. h3 h5
22. h4 gxh4 23. Bxh4 Nh7 24. Rd7 f6 25. Ng6 Rfe8 26. Ne7+ Kf8 27. Nf5 Bc6 28.
Rxh7 Kg8 29. Rxh5 c4 30. Bxf6 Kf7 31. Bh4 Rab8 32. Nh6+ Kg6 33. g4 Bc5 34. Rd1
Bf8 35. Nxc4 Re6 36. Ne5+ Kh7 37. Nxc6 Rxc6 38. Rd7+ Bg7 39. Nf5+ Kg8 40. Rxg7+
Kf8 41. Rhh7 Rxb2 42. Bf6 Rxf6 43. Rh8# 1-0

[Event "Tournoi francophone 015"]
[Site "Skype"]
[Date "????.??.??"]
[Round "4.43"]
[White "Rodgerson, Michael"]
[Black "Blanchard, Colette"]
[Result "1-0"]
[WhiteElo "1000"]
[BlackElo "1000"]
[PlyCount "71"]

1. e4 Nc6 2. Bc4 Nf6 3. Nf3 h6 4. O-O Nxe4 5. d3 Nf6 6. Nbd2 e6 7. b3 Be7 8.
Bb2 O-O 9. c3 a6 10. Qc2 b5 11. Rac1 bxc4 12. Nxc4 Rb8 13. d4 Nd5 14. Rfe1 Bf6
15. Ba3 d6 16. b4 Nb6 17. Qa4 Nxc4 18. Qxc6 Rb6 19. Qxc4 Bb7 20. d5 Bxd5 21.
Qg4 Rc6 22. Re3 Rc4 23. Qg3 Bh4 24. Qh3 f5 25. b5 axb5 26. Nxh4 Rxh4 27. Qg3 c5
28. c4 Bxc4 29. Rec3 g5 30. Rxc4 bxc4 31. Rb1 f4 32. Qc3 Rf5 33. h3 Rd5 34. Rb7
Rd1+ 35. Kh2 g4 36. Qg7# 1-0

[Event "Tournoi francophone 015"]
[Site "Skype"]
[Date "????.??.??"]
[Round "5.1"]
[White "Rapaire, Jean-Michel"]
[Black "Caputi, Giuliano"]
[Result "1-0"]
[WhiteElo "1739"]
[BlackElo "1782"]
[PlyCount "91"]

1. e4 c6 2. e5 d5 3. exd6 exd6 4. d4 Nf6 5. Nf3 Be7 6. Bd3 Bg4 7. O-O O-O 8. h3
Bh5 9. Nbd2 Nbd7 10. c4 d5 11. c5 Re8 12. Qc2 Bg6 13. Bxg6 hxg6 14. Nb3 Ne4 15.
Bf4 g5 16. Be5 f6 17. Bh2 f5 18. Ne5 Nxe5 19. Bxe5 Bf6 20. Bh2 g4 21. f3 g3 22.
fxe4 gxh2+ 23. Kxh2 fxe4 24. Qe2 Qc7+ 25. g3 Qd7 26. Rf4 Kf7 27. Raf1 Rh8 28.
g4 Ke7 29. Qg2 Rag8 30. Qg3 Kd8 31. Rxf6 gxf6 32. Rxf6 Kc8 33. Kg2 Rf8 34. Qf4
Rxf6 35. Qxf6 Qh7 36. Qe6+ Kb8 37. Qd6+ Ka8 38. Qg3 Rf8 39. Nd2 Qh6 40. g5 Qh5
41. Qg4 Qxg4+ 42. hxg4 Kb8 43. Nf1 Rxf1 44. Kxf1 Kc7 45. g6 Kd7 46. g7 1-0

[Event "Tournoi francophone 015"]
[Site "Skype"]
[Date "????.??.??"]
[Round "5.2"]
[White "Elias, Roberto"]
[Black "Meyer, Eric"]
[Result "0-1"]
[WhiteElo "1782"]
[BlackElo "1664"]
[PlyCount "56"]

1. c4 Nf6 2. Nc3 g6 3. e4 d6 4. f4 c5 5. Nf3 Nc6 6. d4 cxd4 7. Nxd4 Bg4 8. Qa4
Bd7 9. Nf3 Bg7 10. Be2 O-O 11. Qb3 Rb8 12. Be3 b6 13. O-O Ng4 14. Bd2 Nd4 15.
Qd1 Nxf3+ 16. Rxf3 Bd4+ 17. Kh1 Nf2+ 18. Rxf2 Bxf2 19. f5 Bd4 20. Bg4 Be5 21.
Qf3 e6 22. Qh3 exf5 23. exf5 Bxf5 24. Bxf5 gxf5 25. Bh6 Re8 26. Nd5 Re6 27. Rf1
f4 28. Rf3 Bg7 0-1

[Event "Tournoi francophone 015"]
[Site "Skype"]
[Date "????.??.??"]
[Round "5.3"]
[White "Leyton Calderon, Jairo Oswaldo"]
[Black "Hurtado De Mendoza, Ramon Miguel"]
[Result "1/2-1/2"]
[WhiteElo "1526"]
[BlackElo "1487"]
[PlyCount "48"]

1. Nf3 d5 2. b3 Nf6 3. g3 c5 4. Bg2 Nc6 5. O-O e6 6. Bb2 Be7 7. d4 O-O 8. Nbd2
b6 9. c4 cxd4 10. Nxd4 Nxd4 11. Bxd4 Bb7 12. Qc2 Rc8 13. Qb2 Ne8 14. cxd5 Bxd5
15. e4 Ba8 16. Nc4 Bf6 17. e5 Be7 18. Bxa8 Rxa8 19. Rfd1 Qb8 20. Rac1 Nc7 21.
Nd6 Nd5 22. Rc6 Nb4 23. Rcc1 a6 24. a3 Nd5 1/2-1/2

[Event "Tournoi francophone 015"]
[Site "Skype"]
[Date "????.??.??"]
[Round "5.4"]
[White "Couto, Januario"]
[Black "Blasco, Raul"]
[Result "0-1"]
[WhiteElo "1387"]
[BlackElo "1978"]
[PlyCount "58"]

1. e4 c6 2. Nc3 d5 3. Nf3 Bg4 4. Be2 dxe4 5. Nxe4 e6 6. O-O Nf6 7. Ng3 Bd6 8.
h3 Bxf3 9. Bxf3 O-O 10. Ne4 Nxe4 11. Bxe4 f5 12. Bf3 e5 13. c3 Qf6 14. Qb3+ Qf7
15. Bd1 Kh8 16. Qxf7 Rxf7 17. d3 Nd7 18. Bc2 h6 19. f3 Raf8 20. Be3 Bc5 21. Bf2
g6 22. Rad1 Kg7 23. d4 exd4 24. Bxd4+ Bxd4+ 25. Rxd4 Nf6 26. Rfd1 Re7 27. Kf2
Rfe8 28. R4d2 Nd5 29. Rd3 Re2+ 0-1

[Event "Tournoi francophone 015"]
[Site "Skype"]
[Date "????.??.??"]
[Round "5.6"]
[White "Deville, Olivier"]
[Black "Pouteau, Pascal"]
[Result "1-0"]
[WhiteElo "1807"]
[BlackElo "1345"]
[PlyCount "27"]

1. d4 d5 2. c4 e6 3. Nf3 Nf6 4. g3 Be7 5. Bg2 O-O 6. O-O Nbd7 7. Qc2 c5 8. dxc5
Nxc5 9. Rd1 b6 10. a3 Bb7 11. cxd5 Bxd5 12. Nc3 Rc8 13. Nxd5 Nce4 14. Nxf6+ 1-0

[Event "Tournoi francophone 015"]
[Site "Skype"]
[Date "????.??.??"]
[Round "5.7"]
[White "Kruk, Clementine"]
[Black "Legueltel, Daniel"]
[Result "1/2-1/2"]
[WhiteElo "1293"]
[BlackElo "1753"]
[PlyCount "44"]

1. e4 e5 2. Nf3 Nc6 3. Bc4 d6 4. c3 Be7 5. d4 exd4 6. cxd4 Nf6 7. Nc3 O-O 8.
Bg5 h6 9. Bh4 Bg4 10. h3 Bxf3 11. Qxf3 Nxd4 12. Qd3 Nc6 13. O-O Ne5 14. Qd4 c5
15. Bxf7+ Rxf7 16. Qd1 Nc6 17. Qb3 b6 18. Rad1 Nd4 19. Qc4 Kf8 20. f4 Nh5 21.
Bxe7+ Qxe7 22. Qd5 Re8 1/2-1/2

[Event "Tournoi francophone 015"]
[Site "Skype"]
[Date "????.??.??"]
[Round "5.8"]
[White "Lambert, Pierre"]
[Black "De Coninck, Philippe"]
[Result "1-0"]
[WhiteElo "1647"]
[BlackElo "1173"]
[PlyCount "87"]

1. e4 e5 2. Nf3 Nc6 3. d4 exd4 4. Nxd4 Nxd4 5. Qxd4 d6 6. Nc3 Nf6 7. Bg5 Be7 8.
O-O-O h6 9. Bh4 O-O 10. h3 Be6 11. f4 c5 12. Qe3 Ne8 13. Bxe7 Qxe7 14. f5 Bd7
15. Nd5 Qe5 16. g4 Nf6 17. Nxf6+ Qxf6 18. Qf4 Qg5 19. Qxg5 hxg5 20. Rxd6 Bc6
21. Bg2 Rfe8 22. Re1 Re5 23. Rd2 Rae8 24. Rde2 Kh7 25. Re3 b5 26. Kd2 Rd8+ 27.
Rd3 Rxd3+ 28. cxd3 f6 29. Ke3 Bd5 30. a3 a5 31. Kf3 Bb3 32. Rc1 b4 33. Bf1 Kh6
34. Be2 Ba4 35. Ke3 Bc6 36. axb4 axb4 37. Bd1 Kh7 38. Bb3 Kh6 39. Be6 Kh7 40.
Ra1 Bb7 41. Ra7 Bc6 42. Rc7 Ba8 43. Kd2 Kh6 44. Rc8 1-0

[Event "Tournoi francophone 015"]
[Site "Skype"]
[Date "????.??.??"]
[Round "5.9"]
[White "Castellanos Gonzalez, Mariano"]
[Black "Megelas, Florent"]
[Result "1-0"]
[WhiteElo "1000"]
[BlackElo "1539"]
[PlyCount "45"]

1. e4 e5 2. Nf3 Nc6 3. Bb5 Nf6 4. O-O a6 5. Bxc6 dxc6 6. Re1 Bg4 7. h3 Bh5 8.
d4 Bxf3 9. Qxf3 Qxd4 10. c3 Qd7 11. Rd1 Qe6 12. Bg5 Be7 13. Nd2 O-O 14. Nf1
Rad8 15. b3 h6 16. Bh4 Nh7 17. Bxe7 Qxe7 18. Ng3 Ng5 19. Qg4 Qe6 20. Nf5 Qf6
21. h4 Ne6 22. Re1 Qg6 23. Ne7+ 1-0

[Event "Tournoi francophone 015"]
[Site "Skype"]
[Date "????.??.??"]
[Round "5.11"]
[White "Ambrosino, Theo"]
[Black "Guillaume, Mickael"]
[Result "1-0"]
[WhiteElo "1412"]
[BlackElo "1106"]
[PlyCount "87"]

1. c4 e5 2. Nc3 Nf6 3. Nf3 Nc6 4. e4 d6 5. d3 Bg4 6. Be3 Be7 7. h3 Bh5 8. Be2
h6 9. O-O Nh7 10. Qd2 Bg5 11. Nxe5 Bxe2 12. Nxc6 bxc6 13. Qxe2 O-O 14. f4 Bf6
15. Nd1 c5 16. Kh1 Bd4 17. Rb1 f5 18. b4 a6 19. bxc5 dxc5 20. e5 g5 21. Rb3 Rb8
22. Bxd4 cxd4 23. Qh5 Kg7 24. fxg5 hxg5 25. Rxb8 Qxb8 26. h4 Qd8 27. Kg1 Qe7
28. hxg5 Qxg5 29. Qxg5+ Nxg5 30. Rf4 c5 31. Nb2 Ne6 32. Rf2 f4 33. g4 fxg3 34.
Rxf8 Kxf8 35. Kg2 Kg7 36. Kxg3 Kg6 37. Kg4 a5 38. Na4 Kf7 39. Kf5 Ng7+ 40. Ke4
Ne6 41. Kd5 Ke7 42. Nxc5 Nxc5 43. Kxc5 Ke6 44. Kxd4 1-0

[Event "Tournoi francophone 015"]
[Site "Skype"]
[Date "????.??.??"]
[Round "5.12"]
[White "Harmelle, Dominique"]
[Black "Rodier, Marc"]
[Result "0-1"]
[WhiteElo "1402"]
[BlackElo "1000"]
[PlyCount "108"]

1. d4 Nf6 2. Bf4 g6 3. e3 Bg7 4. Nc3 d5 5. Be2 Nbd7 6. Nf3 c6 7. h3 O-O 8. Ne5
Nxe5 9. Bxe5 Nd7 10. Bh2 e5 11. dxe5 Nxe5 12. O-O f5 13. Rb1 Be6 14. Na4 b6 15.
b3 Kh8 16. Nb2 Qe7 17. a4 a5 18. f4 Nd7 19. Nd3 Bf7 20. Qd2 Rfe8 21. Rf3 d4 22.
Ne5 Bd5 23. Rf2 dxe3 24. Qxe3 Nxe5 25. fxe5 Bxe5 26. Bxe5+ Qxe5 27. Qxe5+ Rxe5
28. Bd3 Rae8 29. Kh2 Kg7 30. Rbf1 Be4 31. Ba6 R8e7 32. Rd2 Rd5 33. Rff2 Red7
34. Rxd5 Rxd5 35. Bb7 Rd1 36. c3 Rc1 37. c4 Rb1 38. Rd2 Rxb3 39. Rd7+ Kh6 40.
Rc7 c5 41. Ba6 Rb2 42. Bb7 Rb4 43. Bxe4 fxe4 44. g4 Rxc4 45. Kg3 Rxa4 46. Kf4
e3+ 47. Kxe3 Rd4 48. Kf3 a4 49. h4 g5 50. Rc6+ Kg7 51. hxg5 Rd7 52. Rxb6 Ra7
53. Rc6 a3 54. Rxc5 a2 0-1

[Event "Tournoi francophone 015"]
[Site "Skype"]
[Date "????.??.??"]
[Round "5.13"]
[White "Moumtaz, Abderrahim"]
[Black "Ortiz, Vladimir"]
[Result "1-0"]
[WhiteElo "1260"]
[BlackElo "1443"]
[PlyCount "85"]

1. d4 e5 2. dxe5 Nc6 3. Nf3 Qe7 4. Bf4 Qb4+ 5. Nc3 Qxf4 6. Nd5 Bb4+ 7. c3 Bxc3+
8. bxc3 Qc4 9. Nxc7+ Kd8 10. Nxa8 Qxc3+ 11. Nd2 Nge7 12. Rc1 Qxe5 13. Nf3 Qa5+
14. Qd2 Qf5 15. e3 Qg6 16. g3 Qf6 17. Be2 d6 18. Nd4 Nxd4 19. Qxd4 Qxd4 20.
exd4 Nd5 21. O-O Be6 22. Bc4 Kd7 23. Bxd5 Rxa8 24. Bxb7 Rb8 25. Bc6+ Ke7 26.
Rfe1 Kf6 27. d5 Bh3 28. Rb1 Rf8 29. Re8 Rxe8 30. Bxe8 Bf5 31. Rb7 a6 32. Bxf7
Ke5 33. Ra7 Bd3 34. Re7+ Kd4 35. Re6 Kc5 36. Re3 Bc4 37. Rc3 Kd4 38. Ra3 Bd3
39. Kg2 g6 40. Rb3 Bc2 41. Rb6 Be4+ 42. f3 Kc5 43. Rc6+ 1-0

[Event "Tournoi francophone 015"]
[Site "Skype"]
[Date "????.??.??"]
[Round "5.14"]
[White "Abdulrazzaq, Mohsen"]
[Black "Sequeda Pimiento, Javier Ricardo"]
[Result "0-1"]
[WhiteElo "1249"]
[BlackElo "1419"]
[PlyCount "90"]

1. e4 e5 2. Nf3 Be7 3. d4 Nc6 4. Bc4 exd4 5. Nxd4 d6 6. Nxc6 bxc6 7. Nc3 Nf6 8.
h3 O-O 9. O-O Bb7 10. Be3 d5 11. exd5 cxd5 12. Bb3 c6 13. Na4 Nd7 14. Qg4 Bf6
15. Rad1 Ne5 16. Qe2 Ng6 17. c4 d4 18. Bc2 Re8 19. Bxg6 hxg6 20. Qd3 dxe3 21.
Qxd8 exf2+ 22. Kxf2 Raxd8 23. Rfe1 Rxe1 24. Kxe1 Re8+ 25. Kf1 Re4 26. b3 Rf4+
27. Ke2 c5 28. Nxc5 Bxg2 29. Rd6 Bxh3 30. Ra6 Bd4 31. Nd3 Bf1+ 32. Kd2 Bxd3 33.
Kxd3 Bg1 34. Rd6 g5 35. b4 Rf3+ 36. Ke4 Rf4+ 37. Kd3 g4 38. a3 g3 39. c5 Rf3+
40. Kc4 Rxa3 41. c6 Bb6 42. Rd7 Ra1 43. Kb5 Rc1 44. Rb7 g2 45. c7 Rxc7 0-1

[Event "Tournoi francophone 015"]
[Site "Skype"]
[Date "????.??.??"]
[Round "5.15"]
[White "Colangelo, Michele"]
[Black "Gadow, Martin"]
[Result "0-1"]
[WhiteElo "1000"]
[BlackElo "1412"]
[PlyCount "88"]

1. e4 c5 2. Nf3 d6 3. d4 cxd4 4. Nxd4 Nf6 5. Nc3 Nc6 6. Bb5 Bd7 7. Nf3 a6 8.
Ba4 e6 9. Bg5 Be7 10. O-O O-O 11. Re1 b5 12. Bb3 Qc7 13. e5 dxe5 14. Nxe5 Rad8
15. Nxd7 Rxd7 16. Qf3 Nd4 17. Qg3 Qxg3 18. hxg3 h6 19. Bxf6 Bxf6 20. Rad1 Rfd8
21. Kf1 a5 22. a4 Nxb3 23. cxb3 b4 24. Rxd7 Rxd7 25. Rd1 Rc7 26. Nb5 Rc2 27.
Nd6 Rxb2 28. Nc4 Rxb3 29. Nxa5 Ra3 30. Nc4 Rxa4 31. Rb1 Ra1 32. Rxa1 Bxa1 33.
Ke2 Bd4 34. f3 f5 35. Kd3 Bf2 36. g4 fxg4 37. fxg4 Be1 38. Ke2 Bc3 39. Kd3 Kf7
40. Na5 Kf6 41. Nb3 Kg5 42. Nc5 Kxg4 43. Nxe6 Kg3 44. Nxg7 Bxg7 0-1

[Event "Tournoi francophone 015"]
[Site "Skype"]
[Date "????.??.??"]
[Round "5.16"]
[White "Milanese, Serge"]
[Black "Zenini, Simone"]
[Result "1-0"]
[WhiteElo "1202"]
[BlackElo "1436"]
[PlyCount "27"]

1. d4 Nf6 2. Bf4 e6 3. e3 d5 4. Nf3 Nbd7 5. Bd3 c5 6. c3 c4 7. Bc2 b5 8. a3 Nh5
9. Bg3 a5 10. Nbd2 Nb6 11. Ne5 Nxg3 12. hxg3 g6 13. Qf3 Qc7 14. Qf6 1-0

[Event "Tournoi francophone 015"]
[Site "Skype"]
[Date "????.??.??"]
[Round "5.17"]
[White "Bourdeau, Yvan"]
[Black "Le Bouill, Pierre"]
[Result "1/2-1/2"]
[WhiteElo "1383"]
[BlackElo "1252"]
[PlyCount "53"]

1. d4 Nf6 2. Nf3 d5 3. Bf4 h6 4. c3 c6 5. e3 e6 6. Nbd2 Bd6 7. Ne5 O-O 8. Bd3
Bxe5 9. dxe5 Nh7 10. Qh5 Nd7 11. h4 Qe8 12. Bxh6 gxh6 13. Qxh6 f5 14. f4 Rf7
15. Be2 Qf8 16. Qxf8+ Ndxf8 17. Nf3 Rg7 18. Kf2 Bd7 19. Rh2 Be8 20. h5 Kf7 21.
Rg1 Ke7 22. g3 Kd7 23. Nh4 Rg8 24. Rgh1 Bf7 25. Ng2 Re8 26. Rh4 Kd8 27. R4h2
1/2-1/2

[Event "Tournoi francophone 015"]
[Site "Skype"]
[Date "????.??.??"]
[Round "5.18"]
[White "Briere, Jean"]
[Black "Quispe, Alberto"]
[Result "0-1"]
[WhiteElo "1377"]
[BlackElo "1230"]
[PlyCount "142"]

1. e4 e6 2. d4 d5 3. Nc3 c6 4. Nf3 Be7 5. Bd3 dxe4 6. Nxe4 Nf6 7. O-O Nbd7 8.
Bg5 Nxe4 9. Bxe7 Qxe7 10. Bxe4 Nf6 11. Re1 O-O 12. Qd3 Nxe4 13. Qxe4 Bd7 14.
Ne5 f5 15. Qf3 Rf6 16. Nxd7 Qxd7 17. c3 Rd8 18. Rad1 Qc7 19. Re5 Rd5 20. Qe2
Qd7 21. Rxd5 Qxd5 22. c4 Qd8 23. c5 Qd5 24. b3 f4 25. Qe5 Kf7 26. Qc7+ Kg6 27.
Qe5 Rf5 28. Qxd5 Rxd5 29. Re1 Kf5 30. f3 Rxd4 31. Kf2 Rd2+ 32. Re2 Rxe2+ 33.
Kxe2 Ke5 34. Kd3 Kd5 35. b4 b6 36. cxb6 axb6 37. a4 c5 38. bxc5 Kxc5 39. Kc3 h5
40. h4 g6 41. Kb3 e5 42. Kc3 b5 43. a5 b4+ 44. Kb3 Kb5 45. a6 Kxa6 46. Kxb4 Kb6
47. Kc4 Kc6 48. Kd3 Kd5 49. Kc3 e4 50. fxe4+ Kxe4 51. Kd2 Kf5 52. Ke2 Kg4 53.
Kf2 Kxh4 54. Kf3 Kg5 55. g3 fxg3 56. Kxg3 h4+ 57. Kh3 Kh5 58. Kg2 Kg4 59. Kh2
g5 60. Kg2 Kh5 61. Kh3 g4+ 62. Kg2 h3+ 63. Kg3 Kg5 64. Kh2 Kf4 65. Kg1 Kf3 66.
Kh2 g3+ 67. Kxh3 g2 68. Kh2 Kf2 69. Kh3 g1=Q 70. Kh4 Qg6 71. Kh3 Qg3# 0-1

[Event "Tournoi francophone 015"]
[Site "Skype"]
[Date "????.??.??"]
[Round "5.19"]
[White "Marino, Giuseppe"]
[Black "Malbec, Robert"]
[Result "1-0"]
[WhiteElo "1339"]
[BlackElo "1214"]
[PlyCount "86"]

1. d4 d5 2. Nf3 Nf6 3. e3 Bf5 4. c3 Nc6 5. Bd3 Bxd3 6. Qxd3 e6 7. Nbd2 Be7 8.
e4 dxe4 9. Nxe4 h6 10. Nxf6+ Bxf6 11. O-O O-O 12. Qd1 Qd5 13. h3 Rfe8 14. Bf4
Rac8 15. Re1 Ne7 16. Be5 Bxe5 17. Rxe5 Qd7 18. Nh4 Nc6 19. Re3 Qe7 20. Nf3 Qf6
21. Ne5 Nxe5 22. Rxe5 Qg6 23. Re3 b6 24. Rg3 Qh7 25. Qg4 Rcd8 26. b4 h5 27. Qe2
a5 28. a3 Rd5 29. Qc4 Rd7 30. bxa5 bxa5 31. Qb5 Red8 32. Qxa5 Kh8 33. Rg5 g6
34. Qe5+ Qg7 35. Qxg7+ Kxg7 36. a4 f6 37. Rb5 Rd5 38. Rb7 R5d7 39. a5 Ra8 40.
a6 Kh6 41. a7 g5 42. Rb8 Rd8 43. Rxd8 Rxd8 1-0

[Event "Tournoi francophone 015"]
[Site "Skype"]
[Date "????.??.??"]
[Round "5.20"]
[White "Vello, Pablo"]
[Black "Duthoit, Bernard"]
[Result "1/2-1/2"]
[WhiteElo "1135"]
[BlackElo "1338"]
[PlyCount "70"]

1. d4 e6 2. e4 d5 3. e5 c5 4. c3 Nc6 5. Nf3 a6 6. Be2 b5 7. Be3 cxd4 8. cxd4
Be7 9. O-O f6 10. Nbd2 fxe5 11. Rc1 exd4 12. Nxd4 Nxd4 13. Bxd4 Bf6 14. Bxf6
Nxf6 15. Nf3 O-O 16. Bd3 Bb7 17. Ng5 Re8 18. Re1 e5 19. Bf5 Bc8 20. Bxc8 Rxc8
21. Qd2 Rxc1 22. Rxc1 h6 23. Nf3 e4 24. Nd4 Re7 25. Nc6 Qd7 26. Nxe7+ Qxe7 27.
Rc8+ Kh7 28. Qd4 Qd6 29. h3 a5 30. Qc5 Qd7 31. Rc7 Qe6 32. Qa7 Ne8 33. Re7 Qc6
34. Rxe8 Qxe8 35. Qxa5 Qc6 1/2-1/2

[Event "Tournoi francophone 015"]
[Site "Skype"]
[Date "????.??.??"]
[Round "5.21"]
[White "Gharbi, Said"]
[Black "Trivedi, Viral"]
[Result "0-1"]
[WhiteElo "1335"]
[BlackElo "1230"]
[PlyCount "52"]

1. e4 e6 2. d4 d5 3. exd5 exd5 4. Nf3 Bf5 5. Bd3 Bxd3 6. Qxd3 c6 7. Ng5 h6 8.
Nh7 Bd6 9. Qe3+ Qe7 10. Nf6+ Nxf6 11. O-O Qxe3 12. Bxe3 O-O 13. Nd2 Nbd7 14.
Rfe1 Rfe8 15. Nf3 Ng4 16. Bd2 Nb6 17. h3 Nf6 18. Nh4 Ne4 19. Bc1 Bb4 20. Re2
Nc4 21. c3 Bd6 22. Nf5 Bc7 23. f3 Ng3 24. Rxe8+ Rxe8 25. Nxg3 Bxg3 26. Kf1 Re1#
0-1

[Event "Tournoi francophone 015"]
[Site "Skype"]
[Date "????.??.??"]
[Round "5.22"]
[White "Le Brun, Yves"]
[Black "Martin, Jean-Claude"]
[Result "1-0"]
[WhiteElo "1335"]
[BlackElo "1184"]
[PlyCount "49"]

1. d4 e5 2. dxe5 Nc6 3. c3 Nxe5 4. e3 d6 5. Nf3 Bg4 6. Qa4+ c6 7. Nxe5 Bd7 8.
Nxf7 Kxf7 9. Qf4+ Qf6 10. Qxf6+ Nxf6 11. Nd2 d5 12. Be2 Bd6 13. h3 Rhe8 14. O-O
Kg8 15. Nf3 h6 16. Bd2 a6 17. Nh4 Ne4 18. Be1 Re5 19. Rd1 Rae8 20. Nf3 R5e6 21.
c4 Rg6 22. Nh4 Bxh3 23. Nxg6 Bf5 24. Nh4 Be6 25. Bd3 1-0

[Event "Tournoi francophone 015"]
[Site "Skype"]
[Date "????.??.??"]
[Round "5.23"]
[White "Codina, Teresa"]
[Black "Sosa, Juan Carlos"]
[Result "1-0"]
[WhiteElo "1310"]
[BlackElo "1121"]
[PlyCount "111"]

1. d4 e5 2. e4 Qe7 3. Nf3 Nc6 4. c3 exd4 5. Bd3 dxc3 6. Nxc3 Nf6 7. O-O Ne5 8.
Nxe5 Qxe5 9. Re1 Bb4 10. Bd2 O-O 11. a3 Bc5 12. Rc1 d6 13. h3 Nh5 14. Nd5 Bb6
15. Nxb6 axb6 16. Rc3 c5 17. Bf1 f5 18. Qxh5 fxe4 19. Qxe5 dxe5 20. Rxe4 Rf5
21. Be2 h5 22. Bc4+ Kh7 23. Rce3 Rf4 24. Bd3 Bf5 25. Rxe5 Bxd3 26. Rxd3 Raf8
27. Bxf4 Rxf4 28. Rxh5+ Kg8 29. Rd8+ Kf7 30. Rd7+ Kg6 31. Rhd5 Re4 32. R7d6+
Kf7 33. Rxb6 Re1+ 34. Kh2 Re2 35. Rxb7+ Ke6 36. Rxc5 Rxf2 37. Rb6+ Kf7 38. Rc7+
Kg8 39. Rbb7 Rf6 40. b4 g5 41. Rg7+ Kf8 42. Rxg5 Rf7 43. Rb6 Ke7 44. a4 Kd8 45.
b5 Kc7 46. a5 Rd7 47. Rgg6 Rd8 48. Rg7+ Rd7 49. Rxd7+ Kxd7 50. a6 Kc7 51. Rc6+
Kb8 52. Rh6 Ka7 53. Rg6 Kb8 54. Rg7 Ka8 55. b6 Kb8 56. Rg8# 1-0

[Event "Tournoi francophone 015"]
[Site "Skype"]
[Date "????.??.??"]
[Round "5.24"]
[White "De Fazio, Monica"]
[Black "Sepulveda, Lyda Marcela"]
[Result "0-1"]
[WhiteElo "1176"]
[BlackElo "1306"]
[PlyCount "72"]

1. e4 e5 2. Nf3 Nc6 3. Bb5 a6 4. Ba4 Nf6 5. O-O Be7 6. Re1 b5 7. Bb3 d6 8. d3
Na5 9. c4 Nxb3 10. Qxb3 bxc4 11. Qxc4 O-O 12. Bg5 Be6 13. Qc1 Qd7 14. Nc3 c6
15. d4 Qc7 16. dxe5 dxe5 17. Na4 Rfc8 18. Be3 Rab8 19. Nb6 Rxb6 20. Bxb6 Qxb6
21. Nxe5 Ng4 22. Nd3 Qd4 23. Qc3 Qb6 24. h3 Nf6 25. Nf4 Bb4 26. Qe3 Bc5 27. Qg3
Rd8 28. e5 Nd5 29. Nh5 g6 30. Qg5 Bxf2+ 31. Kh2 Kh8 32. Red1 gxh5 33. g4 h4 34.
Kg2 Bg3 35. Rd3 Qf2+ 36. Kh1 Qh2# 0-1

[Event "Tournoi francophone 015"]
[Site "Skype"]
[Date "????.??.??"]
[Round "5.26"]
[White "Montilla Bejarano, Carmen"]
[Black "Yepes Bermudez, Maribel"]
[Result "1-0"]
[WhiteElo "1087"]
[BlackElo "1287"]
[PlyCount "53"]

1. e4 d5 2. exd5 Qxd5 3. Nc3 Qa5 4. d4 Nf6 5. Nf3 Bf5 6. Ne5 e6 7. g4 Be4 8.
Rg1 h6 9. Bd2 c6 10. Nxe4 Qd5 11. Nxf6+ gxf6 12. Nf3 Nd7 13. Qe2 Nb6 14. c4 Qd7
15. h4 Be7 16. Bh3 O-O-O 17. Kf1 Rdg8 18. a4 Qe8 19. a5 Nd7 20. c5 a6 21. b4
Bd8 22. d5 cxd5 23. c6 Ne5 24. Nxe5 fxe5 25. Qxe5 Bxh4 26. Bf4 Qe7 27. Qb8# 1-0

[Event "Tournoi francophone 015"]
[Site "Skype"]
[Date "????.??.??"]
[Round "5.27"]
[White "Bucherie, Volcy"]
[Black "Ruiz Aguilera, Juan Jesus"]
[Result "0-1"]
[WhiteElo "1274"]
[BlackElo "1083"]
[PlyCount "120"]

1. Nf3 Nf6 2. c4 d5 3. cxd5 Qxd5 4. Nc3 Qd8 5. d4 Bg4 6. Ne5 Bf5 7. Bf4 a6 8.
e3 e6 9. Qa4+ c6 10. Bd3 Bxd3 11. Nxd3 Bd6 12. Bxd6 Qxd6 13. O-O O-O 14. e4 Qc7
15. e5 Nd5 16. Rab1 Nxc3 17. bxc3 b5 18. Qb4 Nd7 19. Nc5 Nxc5 20. Qxc5 f6 21.
f4 Rab8 22. Qa3 a5 23. Qd6 Qxd6 24. exd6 f5 25. Rfe1 Kf7 26. Kf2 Rfd8 27. d5
Rxd6 28. dxe6+ Rxe6 29. Rxe6 Kxe6 30. Re1+ Kf6 31. Kf3 b4 32. g4 fxg4+ 33. Kxg4
h6 34. f5 h5+ 35. Kf4 g5+ 36. Ke4 bxc3 37. Rd1 Rb4+ 38. Kd3 Kxf5 39. Kxc3 Rh4
40. Rf1+ Kg4 41. Rg1+ Kh3 42. Rg3+ Kxh2 43. Rxg5 Rh3+ 44. Kc4 h4 45. Rxa5 Rg3
46. a4 h3 47. Ra6 Kg2 48. Rxc6 h2 49. a5 h1=Q 50. a6 Qc1+ 51. Kb5 Rg5+ 52. Kb6
Qb2+ 53. Kc7 Rg7+ 54. Kd6 Rg6+ 55. Kc7 Rxc6+ 56. Kxc6 Qb8 57. Kc5 Kf3 58. Kc6
Ke4 59. Kc5 Kd3 60. Kc6 Kc4 0-1

[Event "Tournoi francophone 015"]
[Site "Skype"]
[Date "????.??.??"]
[Round "5.29"]
[White "Porcabeuf, Jean-Marc"]
[Black "Vasquez Cienfuegos, Oscar"]
[Result "0-1"]
[WhiteElo "1229"]
[BlackElo "1470"]
[PlyCount "20"]

1. e4 c6 2. Nf3 d5 3. exd5 Qxd5 4. Nc3 Qa5 5. Bc4 Nf6 6. O-O Bf5 7. d4 h6 8.
Bd2 Qc7 9. Ng5 hxg5 10. Bxg5 Qxh2# 0-1